000 00648nam a2200217 i 4500
001 141116
003 ES-MaACL
005 20240530125752.0
007 t|
008 070919s1978 sp ||||1| spa d
100 1 _aYurkievich, Saúl.
_9117748
245 1 3 _aLa confabulación con la palabra /
_cSaúl Yurkievich.
260 _a[Madrid] :
_bTaurus,
_c[1978]
300 _a169 p. ;
_c21 cm.
490 1 _aPersiles ;
_v106
650 1 4 _aLiteratura hispanoamericana-
_yS.XX-
_xHistoria y crítica.
_914614
830 0 0 _aPersiles ;
_v106
_9236720
852 _aES-MaACL
_jA-8450
_bR.97641
942 _2udc
999 _c141116
_d141116